Vysokomolekuljarnyje flekuljanty v precessach očistki prirodnych i stočnych vod

Uložené v:
Podrobná bibliografia
Hlavní autori: Vejcer, Ju. I. (Autor), Minc, D.M (Autor)
Médium: Kniha
Jazyk:Russian
Vydavateľské údaje: Moskva : Strojizdat, 1984
Vydanie:2-je izd. pererab. i dop.
Tagy: Pridať tag
Žiadne tagy, Buďte prvý, kto otaguje tento záznam!

MARC

LEADER 00000nam a22000003a 4500
001 stu139121
005 20150617225922.1
008 070321s1984----xxr-----------------rus-d
040 |a STU  |b slo 
041 0 |a rus 
044 |a xxr 
080 |a 628.126.53 
080 |a 628.349  |7 stu_us_auth*stu18017 
100 1 |a Vejcer, Ju. I.  |4 aut 
245 1 |a Vysokomolekuljarnyje flekuljanty v precessach očistki prirodnych i stočnych vod 
250 |a 2-je izd. pererab. i dop. 
260 |a Moskva :  |b Strojizdat,  |c 1984 
300 |a 200 s 
700 1 |a Minc, D.M.  |4 aut 
996 |c V*29827/O-11924  |l VV17  |s P  |a 0  |w stu139121_0001